000 00361nab a22001097u 4500
008 130520b1992 xxu||||| |||| 00| 0 fre d
041 _afre
100 1 _aMacklin, Ruth
_953380
245 0 0 _aTechniques de reproduction articielle et définition de la famille
_cRuth Macklin
773 0 _tEspirit et Vie
_gnº178,1992,págs. 98-111
_x0014-0775
_wRev184
942 _cAR
999 _c309130
_d309130